<?xml version="1.0" encoding="UTF-8"?>
<record
    xmlns:xsi="http://www.w3.org/2001/XMLSchema-instance"
    xsi:schemaLocation="http://www.loc.gov/MARC21/slim http://www.loc.gov/standards/marcxml/schema/MARC21slim.xsd"
    xmlns="http://www.loc.gov/MARC21/slim">

  <leader>01202nam a22002777a 4500</leader>
  <controlfield tag="003">dpl</controlfield>
  <controlfield tag="005">20170123164153.0</controlfield>
  <controlfield tag="008">161215b        xxu||||| |||| 00| 0 eng d</controlfield>
  <datafield tag="010" ind1=" " ind2=" ">
    <subfield code="a">B-065775</subfield>
  </datafield>
  <datafield tag="020" ind1=" " ind2=" ">
    <subfield code="c">150.00</subfield>
    <subfield code="a">8187654678</subfield>
  </datafield>
  <datafield tag="035" ind1=" " ind2=" ">
    <subfield code="a">B-065775</subfield>
  </datafield>
  <datafield tag="037" ind1=" " ind2=" ">
    <subfield code="a">Cen Lib / Ret</subfield>
  </datafield>
  <datafield tag="040" ind1=" " ind2=" ">
    <subfield code="a">DPL</subfield>
    <subfield code="b">PN</subfield>
    <subfield code="c">TIT</subfield>
  </datafield>
  <datafield tag="082" ind1=" " ind2=" ">
    <subfield code="a">260.35</subfield>
    <subfield code="b">&#xA1C;&#xA3E;&#xA17;&#xA40;&#xA30;</subfield>
  </datafield>
  <datafield tag="100" ind1=" " ind2=" ">
    <subfield code="a">&#xA38;&#xA41;&#xA30;&#xA1C;&#xA40;&#xA24; &#xA38;&#xA3F;&#xA70;&#xA18; &#xA32;&#xA3E;&#xA07;&#xA32;&#xA2A;&#xA41;&#xA30;&#xA40; </subfield>
    <subfield code="9">50876</subfield>
  </datafield>
  <datafield tag="245" ind1=" " ind2=" ">
    <subfield code="a">&#xA1C;&#xA40;&#xA35;&#xA28;&#xA40;&#xA06;&#xA02; :</subfield>
    <subfield code="c">&#xA1C;&#xA3E;&#xA17;&#xA40;&#xA30; &#xA38;&#xA3F;&#xA70;&#xA18; &#xA38;&#xA3C;&#xA3E;&#xA38;&#xA3C;&#xA24;&#xA40;&#xA4D;</subfield>
    <subfield code="b">&#xA17;&#xA41;&#xA30;&#xA42; &#xA17;&#xA4D;&#xA25;&#xA70;&#xA25; &#xA38;&#xA3E;&#xA39;&#xA3F;&#xA2C; &#xA26;&#xA47; &#xA38;&#xA70;&#xA24;&#xA3E;&#xA02;-&#xA2D;&#xA17;&#xA24;&#xA3E;&#xA02; &#xA26;&#xA40;&#xA06;&#xA02; /</subfield>
  </datafield>
  <datafield tag="246" ind1=" " ind2=" ">
    <subfield code="a">Jiwanian : guru granth sahib de santan-bhagatan dian /</subfield>
    <subfield code="b">by Jagir Singh Shashtri </subfield>
  </datafield>
  <datafield tag="260" ind1=" " ind2=" ">
    <subfield code="a">&#xA26;&#xA3F;&#xA71;&#xA32;&#xA40; </subfield>
    <subfield code="b">&#xA10;&#xA2E;. &#xA2A;&#xA40;. &#xA2A;&#xA4D;&#xA30;&#xA15;&#xA3E;&#xA38;&#xA3C;&#xA28;  </subfield>
    <subfield code="c">2002</subfield>
  </datafield>
  <datafield tag="270" ind1=" " ind2=" ">
    <subfield code="a">&#xA38;&#xA3C;&#xA4B;&#xA2A; &#xA28;&#xA70;. 7, 12/190 &#xA17;&#xA40;&#xA24;&#xA3E; &#xA15;&#xA3E;&#xA32;&#xA4B;&#xA28;&#xA40; </subfield>
    <subfield code="b">&#xA26;&#xA3F;&#xA71;&#xA32;&#xA40; </subfield>
    <subfield code="e">110031</subfield>
  </datafield>
  <datafield tag="300" ind1=" " ind2=" ">
    <subfield code="a">192p.</subfield>
    <subfield code="c">22cm(Hb)</subfield>
  </datafield>
  <datafield tag="650" ind1=" " ind2=" ">
    <subfield code="a">&#xA2A;&#xA70;&#xA1C;&#xA3E;&#xA2C;&#xA40; &#xA38;&#xA3E;&#xA39;&#xA3F;&#xA24;</subfield>
    <subfield code="y"> </subfield>
    <subfield code="9">129349</subfield>
  </datafield>
  <datafield tag="650" ind1=" " ind2=" ">
    <subfield code="a">&#xA38;&#xA3F;&#xA16; -- &#xA27;&#xA30;&#xA4D;&#xA2E;</subfield>
    <subfield code="9">3671</subfield>
  </datafield>
  <datafield tag="650" ind1=" " ind2=" ">
    <subfield code="a">Literature -- punjabi </subfield>
    <subfield code="9">129350</subfield>
  </datafield>
  <datafield tag="650" ind1=" " ind2=" ">
    <subfield code="a">Punjabi -- religion</subfield>
    <subfield code="9">9921</subfield>
  </datafield>
  <datafield tag="942" ind1=" " ind2=" ">
    <subfield code="2">ddc</subfield>
    <subfield code="c">PN</subfield>
    <subfield code="h">260.35</subfield>
    <subfield code="m">&#xA1C;&#xA3E;&#xA17;&#xA40;&#xA30;</subfield>
  </datafield>
  <datafield tag="999" ind1=" " ind2=" ">
    <subfield code="c">110518</subfield>
    <subfield code="d">110518</subfield>
  </datafield>
  <datafield tag="952" ind1=" " ind2=" ">
    <subfield code="0">0</subfield>
    <subfield code="1">0</subfield>
    <subfield code="4">0</subfield>
    <subfield code="7">0</subfield>
    <subfield code="a">L</subfield>
    <subfield code="b">L</subfield>
    <subfield code="d">2016-01-29</subfield>
    <subfield code="e">Cen Lib/Ret</subfield>
    <subfield code="g">200.00</subfield>
    <subfield code="l">2</subfield>
    <subfield code="m">1</subfield>
    <subfield code="o">260.35 &#xA1C;&#xA3E;&#xA17;&#xA40;&#xA30;</subfield>
    <subfield code="p">B-065775</subfield>
    <subfield code="r">2021-11-29 00:00:00</subfield>
    <subfield code="s">2021-11-16</subfield>
    <subfield code="t">1</subfield>
    <subfield code="v">200.00</subfield>
    <subfield code="w">2016-01-29</subfield>
    <subfield code="y">PN</subfield>
  </datafield>
</record>
